| 000 | 00860nam a22002417a 4500 | ||
|---|---|---|---|
| 005 | 20240530110854.0 | ||
| 008 | 210928s 2019le c| ||0 p ara d | ||
| 017 | _bمصر. دار الكتب | ||
| 020 | _a9786144511756 | ||
| 040 |
_aEG-CaGPL _cEG-CaGPL |
||
| 082 | 0 | 4 |
_221 _a861/ _bط/م س |
| 100 | 1 | _aميسترال، جابرييلا | |
| 245 | 1 | 0 |
_aسما، بحر وارض : _bشعر ونثر / _cجابرييلا ميسترال ؛ مقدمة واختيار مانويل بينيا مونيوز |
| 250 | _aط.2 | ||
| 260 |
_aبيروت : _bسائر المشرق، _c2019. |
||
| 300 |
_a77 ص. ؛ _c19 سم. |
||
| 650 | 0 | 7 |
_2qrmak _aالشعر الاسبانى المترجم |
| 650 | 0 | 7 |
_2qrmak _aالادب الاسبانى |
| 651 | _2qrmak | ||
| 700 | 1 | _aمونيوز، مانويل بينيا | |
| 942 |
_2ddc _cBK |
||
| 999 |
_c66003 _d66003 |
||